000 00561nam a2200229Ia 4500
003 OSt
005 20221005115708.0
006 a|||||r|||| 00| 0
007 ta
008 221004b |||||||| |||| 00| 0 tam d
024 _a51781
037 _cTextual
040 _aCRL
_cCRL
_btam
041 _2tam
_atam
082 _aU.2136.N6, 31K1
100 _aSomaly Au.
_9627984
245 0 _aCoimbatore mavattam
260 _c1961
650 _aGEOGRAPHY
942 _hU.2136.N6, 31K1
_cTEXL
_2cc
999 _c1035638
_d1035638